Statistics for countries with most muslims

Click here to take the quiz!

General Stats

  • This quiz has been taken 20 times
  • The average score is 8 of 10

Answer Stats

HintAnswer% Correct
213,000,000Pakistan
95%
200,000,000India
85%
231,000,000Indonesia
85%
42,000,000Algeria
80%
154,000,000Bangladesh
80%
82,500,000Iran
80%
103,000,000Nigeria
80%
90,000,000Egypt
75%
74,000,000Turkey
75%
41,000,000Sudan
30%

Score Distribution

Percentile by Number Answered

Percent of People with Each Score

Your Score History

You have not taken this quiz